LEADER 00940cam0-2200325---450- 001 990004224010403321 005 20120330120425.0 010 $a84-8415-180-8 035 $a000422401 035 $aFED01000422401 035 $a(Aleph)000422401FED01 035 $a000422401 100 $a19990604d2000----km-y0itay50------ba 101 0 $acat 102 $aES 105 $a--------001yy 200 1 $a<>estetica de Josep Carner$ela poesia de tema amorós$fJordi Sala 210 $aBarcelona$cPublicacions de l'Abadia de Montserrat$d2000 215 $a288 p.$d23 cm 225 1 $aTextos i estudis de cultura catalana$v73 610 0 $aCarner, Josep 676 $a849.9152 700 1$aSala,$bJordi$0166429 801 0$aIT$bUNINA$gRICA$2UNIMARC 901 $aBK 912 $a990004224010403321 952 $a849.9152 CARN/S 1$bDip.f.m.10627$fFLFBC 959 $aFLFBC 996 $aEstetica de Josep Carner$9481689 997 $aUNINA